Normal view
MARC view
Entry Personal Name
001 - CONTROL NUMBER
- control field: 9099
003 - CONTROL NUMBER IDENTIFIER
- control field: BD-RjUL
005 - DATE AND TIME OF LATEST TRANSACTION
- control field: 20230920141249.0
008 - FIXED-LENGTH DATA ELEMENTS
- fixed length control field: 230920|| aca||aabn | a|a d
040 ## - CATALOGING SOURCE
- Original cataloging agency: BD-RjUL
- Transcribing agency: BD-RjUL
100 ## - HEADING--PERSONAL NAME
- Personal name: Pandian, T. J
670 ## - SOURCE DATA FOUND
- Source citation: Work cat.: (BD-RjUL)81957: Fish genetics and aquaculture biotechnology /, c2005.